00975nam a2200205Ia 4500008004100000020001500041041001200056082001600068100002000084245007000104260002500174300000800199650001200207700001800219942000700237999001500244952017000259952017000429952017000599221030s9999 xx 000 0 und d a0070995427 aEnglish a105.23bRic aF. K. Richtmyer 0aIntroduction to Modern Physicscby F. K. Richtmyer, E. H. Kennard bTMHaNew Delhic1999 a767 aPhysics aE. H. Kennard cBK c2514d2514 pBE 1354g195.00l0o105.23 Ricr2024-06-13 00:00:00w2022-10-30yBK003Print4070aMIETLIBbMIETLIBcBL-Academic Block C, FL-2, CUP-8, SH-4, R-4d2000-04-2710HBE pBE 1355g195.00l0o105.23 Ricr2024-06-13 00:00:00w2022-10-30yBK003Print4070aMIETLIBbMIETLIBcBL-Academic Block C, FL-2, CUP-8, SH-4, R-4d2000-04-2710HBE pBE 1357g195.00l0o105.23 Ricr2024-06-13 00:00:00w2022-10-30yBK003Print4070aMIETLIBbMIETLIBcBL-Academic Block C, FL-2, CUP-8, SH-4, R-4d2000-04-2710HBE